Investigación, conservación y manejo de aves rapaces en el distrito de Bogotá (Registro nro. 6853)
[ vista simple ]
| 000 -CABECERA | |
|---|---|
| Campo de control | 00742nam a2200181 a 4500 |
| 005 - FECHA Y HORA DE LA ULTIMA TRANSACCION | |
| Campo de control | 20150108145538.0 |
| 008 - ELEMENTOS DE LONGITUD FIJA—INFORMACION GENERAL | |
| Campo de control | 140217b2009 ck ||||| |||| 00| 0 spa d |
| 040 ## - FUENTE DE CATALOGACIÓN | |
| Agencia catalogadora original | CO-BoIAVH |
| Agencia transcriptora | CO-BoIAVH |
| 041 ## - IDIOMA | |
| Código de idioma para texto/pista de sonido o título separado | Español |
| 044 ## - PAÍS DE PUBLICACIÓN | |
| País de publicación | Colombia |
| 090 ## - CLASIFICACIÓN LOCAL | |
| Colección | IAVH |
| Consecutivo | 01321 |
| 100 ## - ASIENTO PRINCIPAL--NOMBRE PERSONAL | |
| Nombre personal | Sánchez, Iván Manuel |
| 245 ## - MENCION DE TITULO | |
| Título | Investigación, conservación y manejo de aves rapaces en el distrito de Bogotá |
| Parte restante del título | Informe final de actividades |
| 260 ## - PUBLICACION, DISTRIBUCION, ETC. (PIE DE IMPRENTA) | |
| Lugar de publicación, distribución, etc. | Bogotá |
| Nombre del editor, distribuidor, etc. | IAVH |
| -- | SDA |
| Fecha de publicación, distribución, etc. | 2009 |
| 300 ## - DESCRIPCION FISICA | |
| Extensión | 64 p. |
| 505 ## - NOTA DE CONTENIDO | |
| Nota de contenido | Contenido CD: Copia del documento impreso -- Diversidad y abundancia de aves rapaces en la ciudad de Bogotá, Colombia. / Iván Manuel Sánchez Dueñas y César Márquez Reyes -- Las Aves Rapaces en la ciudad de Bogotá D.C. |
| 942 ## - ELEMENTOS ADICIONALES (KOHA) | |
| Tipo de ítem | Informe Técnico |
| Sistema de clasificación | Local |
| Withdrawn status | Lost status | Sistema de Clasificación | Damaged status | No para préstamo | Colección | Inventariado | Ubicación Permanente | Ubicación actual | Fecha de adquisición | Total Checkouts | Número topográfico | Inventario / Código de Barras | Date last seen | Ejemplar | Price effective from | Forma de adquisición | Tipo de material | Public note |
|---|---|---|---|---|---|---|---|---|---|---|---|---|---|---|---|---|---|---|
| Local | Humboldt | Inventariado 2017 | Bogotá | Bogotá | IAVH-01321 | 026909 | 09/08/2024 | Ej. 1 | 04/12/2012 | Informe Técnico | ||||||||
| Local | Humboldt | Bogotá | Bogotá | IAVH-01321 | 026910 | 04/12/2012 | Ej. 1 | 04/12/2012 | CD-ROM | Informe |